[Event "24. Copenhagen Open  (Politiken Cup)"]
[Site "Copenhagen"]
[Date "2002.07.25"]
[Round "10"]
[White "Dogru, Latif"]
[Black "Bogdanov, Max"]
[Result "0-1"]
[WhiteElo "1224"]
[BlackElo "1302"]
[PlyCount "62"]
[EventDate "2002.07.15"]
[EventType "swiss"]
[EventRounds "11"]
[EventCountry "DEN"]
[SourceDate "2004.01.01"]

1. d4 d5 2. Nc3 Nf6 3. e4 dxe4 4. f3 e3 5. Bxe3 e6 6. Bd3 Be7 7. Nge2 O-O 8.
O-O Bd7 9. Qe1 Nd5 10. Nxd5 exd5 11. Qg3 Bf6 12. c3 Be6 13. Bf4 c6 14. Qf2 Bg5
15. Rae1 Nd7 16. Bxg5 Qxg5 17. Qg3 Qe3+ 18. Qf2 Qxd3 19. Nf4 Qf5 20. Qe3 Rfe8
21. h4 h5 22. Re2 Re7 23. Rfe1 Rae8 24. Nd3 Qf6 25. f4 Qxh4 26. Ne5 Nxe5 27.
Qxe5 Bf5 28. Qxf5 Rxe2 29. Rxe2 Rxe2 30. Qc8+ Kh7 31. Qf5+ Kh6 0-1

[Event "24. Copenhagen Open  (Politiken Cup)"]
[Site "Copenhagen"]
[Date "2002.07.25"]
[Round "10"]
[White "Dominguez, Lenier"]
[Black "Mortensen, Erling"]
[Result "1-0"]
[WhiteElo "2613"]
[BlackElo "2450"]
[PlyCount "61"]
[EventDate "2002.07.15"]
[EventType "swiss"]
[EventRounds "11"]
[EventCountry "DEN"]
[SourceDate "2004.01.01"]

1. e4 c5 2. Nf3 Nc6 3. d4 cxd4 4. Nxd4 Qc7 5. Nc3 e6 6. Be3 a6 7. Qd2 Nf6 8. f3
d6 9. O-O-O Be7 10. g4 O-O 11. g5 Nd7 12. h4 Nxd4 13. Bxd4 b5 14. Kb1 b4 15.
Ne2 Ne5 16. f4 Nc4 17. Qd3 a5 18. Nc1 Ba6 19. Qf3 e5 20. Bg1 exf4 21. Qxf4 a4
22. Bd4 Rfe8 23. h5 Ne5 24. g6 fxg6 25. hxg6 hxg6 26. Bxa6 Rxa6 27. Bxe5 dxe5
28. Rh8+ Kxh8 29. Qf7 g5 30. Qxe8+ Kh7 31. Rd7 1-0

[Event "24. Copenhagen Open  (Politiken Cup)"]
[Site "Copenhagen"]
[Date "2002.07.25"]
[Round "10"]
[White "Edvardsson, Hannu Kalervo"]
[Black "Jorgensen, Morten"]
[Result "1-0"]
[WhiteElo "1300"]
[BlackElo "1257"]
[PlyCount "37"]
[EventDate "2002.07.15"]
[EventType "swiss"]
[EventRounds "11"]
[EventCountry "DEN"]
[SourceDate "2004.01.01"]

1. e4 c5 2. c4 Nc6 3. Nf3 e6 4. Be2 Nf6 5. d3 Bd6 6. Nc3 a6 7. Bd2 Ne5 8. Nxe5
Bxe5 9. O-O h5 10. f4 Bd4+ 11. Kh1 d6 12. Rb1 e5 13. f5 g6 14. Bg5 Bd7 15. Nd5
Qc8 16. Nxf6+ Kf8 17. Nxd7+ Qxd7 18. fxg6 h4 19. Rxf7+ 1-0

[Event "24. Copenhagen Open  (Politiken Cup)"]
[Site "Copenhagen"]
[Date "2002.07.25"]
[Round "10"]
[White "Eriksson, Magnus"]
[Black "Borvander, Tom"]
[Result "1/2-1/2"]
[WhiteElo "2010"]
[BlackElo "2166"]
[PlyCount "100"]
[EventDate "2002.07.15"]
[EventType "swiss"]
[EventRounds "11"]
[EventCountry "DEN"]
[SourceDate "2004.01.01"]

1. e4 e5 2. Nf3 Nc6 3. Bb5 a6 4. Bxc6 dxc6 5. O-O Qd6 6. d4 exd4 7. Nxd4 Bd7 8.
c3 c5 9. Ne2 Bb5 10. Qxd6 Bxd6 11. Re1 O-O-O 12. Nd2 Ne7 13. Nf3 Ng6 14. Ng3
Rhe8 15. Nf5 Bf8 16. h4 Bd3 17. Ng3 Bd6 18. h5 Ne5 19. Nh2 Nc6 20. Nhf1 f6 21.
f3 g6 22. hxg6 hxg6 23. Be3 Rd7 24. Rad1 c4 25. Kf2 Ne5 26. f4 Nc6 27. Nd2 Rf7
28. Ne2 g5 29. g3 Bc2 30. Rc1 Bxe4 31. Nxc4 Rh8 32. Nxd6+ cxd6 33. Bd4 g4 34.
Ke3 Bf3 35. Ng1 Bd5 36. b3 Ne7 37. Kd3 Nf5 38. Bf2 Kd7 39. Ne2 Rh3 40. Rg1 Rh2
41. Nd4 Rxf2 42. Nxf5 Rxa2 43. c4 Bc6 44. Rcd1 Bf3 45. Rde1 Rh7 46. Nd4 Rb2 47.
Re3 Rhh2 48. Rge1 Rh7 49. Kc3 Rf2 50. Nf5 Kc7 1/2-1/2

[Event "24. Copenhagen Open  (Politiken Cup)"]
[Site "Copenhagen"]
[Date "2002.07.25"]
[Round "10"]
[White "Glud, Jakob Vang"]
[Black "Robertsen, Thomas"]
[Result "1-0"]
[WhiteElo "2180"]
[BlackElo "2022"]
[PlyCount "91"]
[EventDate "2002.07.15"]
[EventType "swiss"]
[EventRounds "11"]
[EventCountry "DEN"]
[SourceDate "2004.01.01"]

1. e4 e5 2. Nf3 Nc6 3. Bc4 Nf6 4. d4 exd4 5. O-O Nxe4 6. Re1 d5 7. Bxd5 Qxd5 8.
Nc3 Qa5 9. Nxe4 Be6 10. Neg5 O-O-O 11. Nxe6 fxe6 12. Rxe6 Bd6 13. Bg5 Rde8 14.
Qe1 Qxe1+ 15. Raxe1 Kd7 16. Rxe8 Rxe8 17. Rxe8 Kxe8 18. Bd2 Kd7 19. Kf1 Ke6 20.
Ng5+ Kf5 21. Nxh7 Bb4 22. c3 Be7 23. f4 d3 24. b3 b5 25. g3 a5 26. h4 b4 27.
Ng5 Bf6 28. cxb4 axb4 29. Kf2 Bd4+ 30. Kf3 Kg6 31. g4 Kf6 32. Ke4 Bc3 33. Bxc3+
bxc3 34. Kxd3 Nb4+ 35. Kxc3 Nxa2+ 36. Kd4 Nc1 37. b4 Ne2+ 38. Ke3 Nc1 39. h5
Na2 40. b5 Nb4 41. Kd4 Ke7 42. Ne4 Nc2+ 43. Kc5 Kd7 44. Nf6+ Ke7 45. Nd5+ Kd7
46. g5 1-0

[Event "24. Copenhagen Open  (Politiken Cup)"]
[Site "Copenhagen"]
[Date "2002.07.25"]
[Round "10"]
[White "Gottschalck, Christian"]
[Black "Christensen, Christoffer"]
[Result "0-1"]
[WhiteElo "1676"]
[BlackElo "1464"]
[PlyCount "44"]
[EventDate "2002.07.15"]
[EventType "swiss"]
[EventRounds "11"]
[EventCountry "DEN"]
[SourceDate "2004.01.01"]

1. e4 d6 2. d4 g6 3. Bc4 Bg7 4. Nf3 Nf6 5. Qe2 O-O 6. O-O c6 7. Bb3 a5 8. c3
Bg4 9. h3 Bxf3 10. Qxf3 e5 11. dxe5 dxe5 12. Rd1 Qc7 13. Bg5 Nbd7 14. Nd2 b5
15. Nf1 Nh5 16. Be7 Rfe8 17. Bxf7+ Kh8 18. Bxe8 Rxe8 19. Qf7 Ndf6 20. Rd8 Rxd8
21. Qe6 Re8 22. Bd6 Qd8 0-1

[Event "24. Copenhagen Open  (Politiken Cup)"]
[Site "Copenhagen"]
[Date "2002.07.25"]
[Round "10"]
[White "Greger, Roland Reinhard"]
[Black "Hansen, Torbjorn Ringdal"]
[Result "0-1"]
[WhiteElo "2365"]
[BlackElo "2280"]
[PlyCount "88"]
[EventDate "2002.07.15"]
[EventType "swiss"]
[EventRounds "11"]
[EventCountry "DEN"]
[SourceDate "2004.01.01"]

1. e4 c6 2. d4 d5 3. e5 Bf5 4. Nc3 e6 5. g4 Bg6 6. Nge2 Ne7 7. f4 h6 8. Be3 Na6
9. Bg2 h5 10. f5 exf5 11. g5 h4 12. Nf4 Nc7 13. Nce2 Ne6 14. Qd2 Bh5 15. Nxh5
Rxh5 16. Bf3 Rh8 17. b3 Ng6 18. Qd3 Be7 19. Rg1 Bxg5 20. Bxg5 Nxg5 21. Qxf5
Nxf3+ 22. Qxf3 Qe7 23. O-O-O Qe6 24. Rdf1 a5 25. a4 Rb8 26. Kb1 Ke7 27. Nc3 h3
28. Rg4 Rh4 29. Rxh4 Nxh4 30. Qh5 Ng6 31. Qg5+ Kf8 32. Ne2 b5 33. axb5 cxb5 34.
Ng3 a4 35. Nf5 axb3 36. cxb3 Qa6 37. Nd6 Kg8 38. Rxf7 Ra8 39. Rxg7+ Kxg7 40.
Qf6+ Kh7 41. Qf7+ Kh6 42. Kc2 Qa2+ 43. Kc3 b4+ 44. Kxb4 Qa5# 0-1

[Event "24. Copenhagen Open  (Politiken Cup)"]
[Site "Copenhagen"]
[Date "2002.07.25"]
[Round "10"]
[White "Hansen, Poul Elgaard"]
[Black "Hansen, Alexei"]
[Result "1-0"]
[WhiteElo "2003"]
[BlackElo "1563"]
[PlyCount "41"]
[EventDate "2002.07.15"]
[EventType "swiss"]
[EventRounds "11"]
[EventCountry "DEN"]
[SourceDate "2004.01.01"]

1. d4 Nf6 2. c4 g6 3. Nc3 Bg7 4. e4 O-O 5. Be2 d6 6. Bg5 e5 7. dxe5 dxe5 8.
Qxd8 Rxd8 9. Nd5 Nxd5 10. Bxd8 Nf4 11. O-O-O Nc6 12. Bxc7 Nd4 13. Bf1 Bd7 14.
Rxd4 exd4 15. Bxf4 Rc8 16. Bd3 b5 17. b3 Be6 18. Ne2 bxc4 19. bxc4 Bxc4 20. Kd2
Bxa2 21. Ra1 1-0

[Event "24. Copenhagen Open  (Politiken Cup)"]
[Site "Copenhagen"]
[Date "2002.07.25"]
[Round "10"]
[White "Henrichsen, Jens"]
[Black "Lynge, Torben"]
[Result "1/2-1/2"]
[WhiteElo "2067"]
[BlackElo "1669"]
[PlyCount "62"]
[EventDate "2002.07.15"]
[EventType "swiss"]
[EventRounds "11"]
[EventCountry "DEN"]
[SourceDate "2004.01.01"]

1. d4 d5 2. c4 e6 3. Nf3 Nf6 4. Bg5 Be7 5. e3 Nbd7 6. Nc3 b6 7. Rc1 Ba6 8. Bxf6
Bxf6 9. cxd5 Bxf1 10. Kxf1 exd5 11. Nxd5 Rc8 12. Nxf6+ Qxf6 13. Qa4 a5 14. Ne5
Qe6 15. Ke2 f6 16. Qxd7+ Qxd7 17. Nxd7 Kxd7 18. Rc2 c6 19. Rhc1 Rc7 20. d5 c5
21. e4 Re8 22. Kd3 Kd6 23. a4 Rce7 24. Re1 Re5 25. f3 Rxd5+ 26. Kc3 Rd4 27. Rd2
Rxd2 28. Kxd2 Rd8 29. Re3 Kc6+ 30. Kc2 c4 31. f4 Re8 1/2-1/2

[Event "24. Copenhagen Open  (Politiken Cup)"]
[Site "Copenhagen"]
[Date "2002.07.25"]
[Round "10"]
[White "Henriksen, Geir Ivar"]
[Black "Dalsberg, Sandra de Blecourt"]
[Result "0-1"]
[WhiteElo "2209"]
[BlackElo "2082"]
[PlyCount "78"]
[EventDate "2002.07.15"]
[EventType "swiss"]
[EventRounds "11"]
[EventCountry "DEN"]
[SourceDate "2004.01.01"]

1. d4 d5 2. Nf3 Nf6 3. c4 e6 4. Nc3 Be7 5. Bg5 h6 6. Bh4 O-O 7. e3 b6 8. cxd5
Nxd5 9. Bxe7 Qxe7 10. Nxd5 exd5 11. Rc1 Be6 12. Bd3 c5 13. dxc5 bxc5 14. O-O
Nd7 15. e4 d4 16. Bb1 Rfb8 17. Qc2 Rb6 18. Nd2 a5 19. b3 a4 20. Rfe1 Rab8 21.
e5 g6 22. f4 Kg7 23. Qe4 axb3 24. axb3 Bxb3 25. f5 gxf5 26. Qxf5 Nf8 27. Nxb3
Rxb3 28. Ba2 Rb2 29. Bc4 Ne6 30. Rf1 R8b6 31. Qg4+ Qg5 32. Bxe6 Rxe6 33. Qxg5+
hxg5 34. Rxc5 d3 35. Rd5 Re2 36. Rd7 d2 37. Rfxf7+ Kg6 38. g4 d1=Q+ 39. Rxd1
Kxf7 0-1

[Event "24. Copenhagen Open  (Politiken Cup)"]
[Site "Copenhagen"]
[Date "2002.07.25"]
[Round "10"]
[White "Hesselberg, Leif"]
[Black "Helin, Mikael"]
[Result "0-1"]
[WhiteElo "1825"]
[BlackElo "2016"]
[PlyCount "52"]
[EventDate "2002.07.15"]
[EventType "swiss"]
[EventRounds "11"]
[EventCountry "DEN"]
[SourceDate "2004.01.01"]

1. d4 g6 2. e4 d6 3. Nc3 c6 4. f4 d5 5. e5 h5 6. Nf3 Bg4 7. Bd3 e6 8. h3 Bxf3
9. Qxf3 Qb6 10. Ne2 Ne7 11. g4 hxg4 12. hxg4 Rxh1+ 13. Qxh1 Nd7 14. Qh7 c5 15.
c3 cxd4 16. Nxd4 a6 17. Bd2 Rc8 18. Nf3 Nc5 19. Ke2 Nxd3 20. Kxd3 Nc6 21. Ng5
Qb5+ 22. Ke3 Bc5+ 23. Kf3 Qd3+ 24. Kg2 Qxd2+ 25. Kh1 Qxf4 26. Qg8+ Bf8 0-1

[Event "24. Copenhagen Open  (Politiken Cup)"]
[Site "Copenhagen"]
[Date "2002.07.25"]
[Round "10"]
[White "Hoeg, Claus"]
[Black "Nilsson, Nils Specht"]
[Result "0-1"]
[WhiteElo "2010"]
[BlackElo "2187"]
[PlyCount "90"]
[EventDate "2002.07.15"]
[EventType "swiss"]
[EventRounds "11"]
[EventCountry "DEN"]
[SourceDate "2004.01.01"]

1. d4 g6 2. c4 Bg7 3. Nc3 d6 4. e4 e5 5. Be3 Nc6 6. Nge2 Nh6 7. d5 Ne7 8. f3 f5
9. Qd2 Nf7 10. O-O-O Bd7 11. c5 O-O 12. Kb1 fxe4 13. fxe4 Kh8 14. Nc1 Ng8 15.
Nd3 Bh6 16. Be2 Bxe3 17. Qxe3 Qg5 18. Qxg5 Nxg5 19. h4 Nf7 20. g4 Nf6 21. Rhg1
Kg7 22. g5 Nh5 23. Bg4 Bxg4 24. Rxg4 a6 25. b4 h6 26. Ne2 hxg5 27. hxg5 Nh8 28.
Kc2 a5 29. b5 b6 30. c6 Rf3 31. Ng1 Rg3 32. Rxg3 Nxg3 33. Re1 Nf7 34. Nf3 Rh8
35. Rg1 Nxe4 36. Rg4 Rh3 37. Nfxe5 Rh2+ 38. Kc1 Nxe5 39. Nxe5 Nf2 40. Rf4 dxe5
41. Rf3 e4 42. Rc3 Nd3+ 43. Kd1 Rh8 44. d6 cxd6 45. Ke2 Nc5 0-1

[Event "24. Copenhagen Open  (Politiken Cup)"]
[Site "Copenhagen"]
[Date "2002.07.25"]
[Round "10"]
[White "Hoi, Carsten"]
[Black "Pert, Richard G"]
[Result "0-1"]
[WhiteElo "2419"]
[BlackElo "2357"]
[PlyCount "104"]
[EventDate "2002.07.15"]
[EventType "swiss"]
[EventRounds "11"]
[EventCountry "DEN"]
[SourceDate "2004.01.01"]

1. d4 Nf6 2. c4 e5 3. dxe5 Ng4 4. Nf3 Bc5 5. e3 Nc6 6. Be2 Ngxe5 7. Nxe5 Nxe5
8. O-O O-O 9. Nc3 Re8 10. b3 a5 11. Bb2 Ra6 12. Ne4 Bf8 13. Qd5 Rae6 14. Ng3
Nc6 15. Bg4 Rd6 16. Qb5 Rg6 17. Bf5 Rh6 18. Rad1 Qh4 19. Bh3 d5 20. Qxd5 Bxh3
21. gxh3 Qxh3 22. Qg2 Qe6 23. Kh1 Rg6 24. e4 Qg4 25. f4 h5 26. f5 Rd6 27. Rxd6
Bxd6 28. Nxh5 Qxg2+ 29. Kxg2 Rxe4 30. Kf3 Rh4 31. Nxg7 Be5 32. Rg1 Bxb2 33.
Ne6+ Kh8 34. Nxc7 Ne5+ 35. Kg2 Rg4+ 36. Kf1 Rxg1+ 37. Kxg1 Kg7 38. Ne8+ Kh6 39.
Kg2 Kg5 40. Nd6 b6 41. Kg3 Ba3 42. h4+ Kf6 43. Nc8 Bc5 44. Kf4 Nd3+ 45. Ke4 Nc1
46. h5 Nxa2 47. h6 Nc1 48. Na7 Nxb3 49. Nb5 Bf8 50. Nc7 Bxh6 51. Nd5+ Kg5 52.
Nxb6 Bf8 0-1

[Event "24. Copenhagen Open  (Politiken Cup)"]
[Site "Copenhagen"]
[Date "2002.07.25"]
[Round "10"]
[White "Howe, Dennis"]
[Black "Tollefsen, Vegard"]
[Result "1/2-1/2"]
[WhiteElo "2052"]
[BlackElo "1699"]
[PlyCount "46"]
[EventDate "2002.07.15"]
[EventType "swiss"]
[EventRounds "11"]
[EventCountry "DEN"]
[SourceDate "2004.01.01"]

1. e4 e5 2. Nf3 Nf6 3. Nc3 Nc6 4. d4 exd4 5. Nxd4 Bb4 6. Nxc6 bxc6 7. Bd3 d5 8.
O-O Bxc3 9. bxc3 dxe4 10. Bxe4 Nxe4 11. Qe2 Qe7 12. Re1 Bf5 13. f3 O-O 14. fxe4
Rfe8 15. e5 Qc5+ 16. Qe3 Rxe5 17. Qxc5 Rxc5 18. Re7 Rc8 19. Rb1 Rb5 20. Rxb5
cxb5 21. Bf4 Be6 22. Bxc7 Bxa2 23. Ba5 Bb1 1/2-1/2

[Event "24. Copenhagen Open  (Politiken Cup)"]
[Site "Copenhagen"]
[Date "2002.07.25"]
[Round "10"]
[White "Hvenekilde, Jorgen"]
[Black "Hagen, Andreas Skytte"]
[Result "1/2-1/2"]
[WhiteElo "2296"]
[BlackElo "2185"]
[PlyCount "56"]
[EventDate "2002.07.15"]
[EventType "swiss"]
[EventRounds "11"]
[EventCountry "DEN"]
[SourceDate "2004.01.01"]

1. d4 e6 2. c4 Nf6 3. Nc3 Bb4 4. e3 b6 5. Nge2 Ne4 6. f3 Nxc3 7. Nxc3 O-O 8.
Qc2 c5 9. dxc5 bxc5 10. Bd2 Nc6 11. a3 Ba5 12. O-O-O Ba6 13. h4 d5 14. cxd5
Bxf1 15. Rhxf1 exd5 16. Nxd5 Qxd5 17. Bxa5 Qa2 18. Bc3 Rac8 19. Qf5 Nb4 20. Qg4
f6 21. Rd7 g6 22. Rfd1 Qb3 23. axb4 cxb4 24. Rb7 Rxc3+ 25. bxc3 Qxc3+ 26. Kb1
Qb3+ 27. Kc1 Qc3+ 28. Kb1 Qb3+ 1/2-1/2

[Event "24. Copenhagen Open  (Politiken Cup)"]
[Site "Copenhagen"]
[Date "2002.07.25"]
[Round "10"]
[White "Jenal, Juerg"]
[Black "Korsgaard, Peter"]
[Result "1-0"]
[WhiteElo "2194"]
[BlackElo "1956"]
[PlyCount "93"]
[EventDate "2002.07.15"]
[EventType "swiss"]
[EventRounds "11"]
[EventCountry "DEN"]
[SourceDate "2004.01.01"]

1. e4 e6 2. d4 d5 3. e5 c5 4. c3 Nc6 5. Nf3 Bd7 6. Be2 Nge7 7. O-O Ng6 8. Be3
Be7 9. Nbd2 c4 10. b3 b5 11. Qc2 f6 12. exf6 Bxf6 13. a4 a6 14. axb5 axb5 15.
Rxa8 Qxa8 16. bxc4 bxc4 17. Ng5 O-O 18. Bg4 Qc8 19. Ndf3 e5 20. Bxd7 Qxd7 21.
dxe5 Ncxe5 22. Nxe5 Bxe5 23. Rd1 Qf5 24. Qd2 Rd8 25. Nf3 Bf6 26. Nd4 Qd7 27.
Ra1 Ne5 28. Ra6 Ng4 29. Bf4 Qb7 30. Ra1 Ne5 31. h3 Nd3 32. Bg5 Bxd4 33. Bxd8
Bxf2+ 34. Kh1 d4 35. Bg5 Qd5 36. Qe2 h6 37. Bd2 Bg3 38. Rf1 dxc3 39. Bxc3 Qc5
40. Qe8+ Kh7 41. Qe4+ Kg8 42. Bd4 Qd6 43. Ra1 Be5 44. Ra8+ Kf7 45. Qf5+ Bf6 46.
Bxf6 Qxf6 47. Qd5+ 1-0

[Event "24. Copenhagen Open  (Politiken Cup)"]
[Site "Copenhagen"]
[Date "2002.07.25"]
[Round "10"]
[White "Jessen, Simon Pind"]
[Black "Holm, Sejer"]
[Result "1/2-1/2"]
[WhiteElo "2074"]
[BlackElo "2321"]
[PlyCount "81"]
[EventDate "2002.07.15"]
[EventType "swiss"]
[EventRounds "11"]
[EventCountry "DEN"]
[SourceDate "2004.01.01"]

1. Nf3 Nf6 2. g3 c5 3. Bg2 d5 4. O-O Nc6 5. d4 e6 6. Re1 cxd4 7. Nxd4 Bc5 8. e3
O-O 9. b3 Qe7 10. Bb2 Rd8 11. Nd2 e5 12. Nxc6 bxc6 13. Nf3 Bd6 14. Qc1 Bg4 15.
Nd2 e4 16. a4 Qe6 17. c4 Rac8 18. Bd4 Bb4 19. Bc3 Bf8 20. Qb2 Nd7 21. b4 Rb8
22. cxd5 cxd5 23. Reb1 Be2 24. Nxe4 Bd3 25. Ng5 Qf5 26. Rd1 a5 27. b5 Nc5 28.
Nf3 Bc4 29. Nd4 Qg6 30. Nc6 Nxa4 31. Rxa4 Rxb5 32. Nxd8 Rxb2 33. Bxb2 Qc2 34.
Raa1 Qxb2 35. Rxa5 Bb3 36. Rda1 g6 37. Nc6 Bc5 38. Rf1 Qc3 39. Ra8+ Kg7 40. Na5
Ba2 41. Nb7 1/2-1/2

[Event "24. Copenhagen Open  (Politiken Cup)"]
[Site "Copenhagen"]
[Date "2002.07.25"]
[Round "10"]
[White "Jorgensen, Orla"]
[Black "Cohen, Ronnie"]
[Result "0-1"]
[WhiteElo "1420"]
[BlackElo "1800"]
[PlyCount "36"]
[EventDate "2002.07.15"]
[EventType "swiss"]
[EventRounds "11"]
[EventCountry "DEN"]
[SourceDate "2004.01.01"]

1. f4 d5 2. Nf3 c5 3. e3 Nf6 4. b3 e6 5. Bb2 Be7 6. c4 O-O 7. cxd5 exd5 8. d4
Re8 9. Ne5 Ne4 10. Nf3 Bg4 11. Be2 cxd4 12. Bxd4 Bxf3 13. Bxf3 Bb4+ 14. Ke2 Nc6
15. Bxe4 Rxe4 16. Kf2 Nxd4 17. exd4 Rxf4+ 18. Ke2 Qe7+ 0-1

[Event "24. Copenhagen Open  (Politiken Cup)"]
[Site "Copenhagen"]
[Date "2002.07.25"]
[Round "10"]
[White "Kiriakov, Petr"]
[Black "Ward, Christopher"]
[Result "1/2-1/2"]
[WhiteElo "2553"]
[BlackElo "2498"]
[PlyCount "33"]
[EventDate "2002.07.15"]
[EventType "swiss"]
[EventRounds "11"]
[EventCountry "DEN"]
[SourceDate "2004.01.01"]

1. d4 Nf6 2. c4 e6 3. Nc3 Bb4 4. Qc2 d5 5. a3 Bxc3+ 6. Qxc3 Ne4 7. Qc2 c5 8.
dxc5 Nc6 9. e3 Qa5+ 10. Bd2 Qxc5 11. Rc1 Nxd2 12. Qxd2 d4 13. exd4 Qxd4 14. Nf3
Qxd2+ 15. Kxd2 f6 16. Kc3 e5 17. b4 1/2-1/2

[Event "24. Copenhagen Open  (Politiken Cup)"]
[Site "Copenhagen"]
[Date "2002.07.25"]
[Round "10"]
[White "Kongsted, Halfdan Christian"]
[Black "Gutierrez Castillo, Paloma"]
[Result "1-0"]
[WhiteElo "2224"]
[BlackElo "2088"]
[PlyCount "69"]
[EventDate "2002.07.15"]
[EventType "swiss"]
[EventRounds "11"]
[EventCountry "DEN"]
[SourceDate "2004.01.01"]

1. d4 d5 2. c4 e6 3. Nf3 Be7 4. e3 Nf6 5. Bd3 Nbd7 6. O-O a6 7. b3 c5 8. Bb2
O-O 9. Nbd2 b6 10. e4 dxe4 11. Nxe4 Bb7 12. Ng3 cxd4 13. Nxd4 Nc5 14. Bc2 Qc7
15. Qe2 Rfd8 16. Rfe1 Re8 17. Rad1 Rad8 18. Nh5 Ncd7 19. Nxg7 Kxg7 20. Rd3 Be4
21. Qxe4 Nc5 22. Qh4 Nxd3 23. Bxd3 Rh8 24. Bc2 Rdg8 25. Rxe6 Kf8 26. Rxf6 Bxf6
27. Qxf6 Qe7 28. Qh6+ Ke8 29. Qc6+ Kf8 30. Qh6+ Ke8 31. Qc6+ Kf8 32. Qc8+ Qe8
33. Ba3+ Kg7 34. Qg4+ Kf6 35. Qf5+ 1-0

[Event "24. Copenhagen Open  (Politiken Cup)"]
[Site "Copenhagen"]
[Date "2002.07.25"]
[Round "10"]
[White "Korolev, Nikolaj"]
[Black "Petkovic, Peter"]
[Result "1-0"]
[WhiteElo "1964"]
[BlackElo "2151"]
[PlyCount "131"]
[EventDate "2002.07.15"]
[EventType "swiss"]
[EventRounds "11"]
[EventCountry "DEN"]
[SourceDate "2004.01.01"]

1. e4 c5 2. Nf3 d6 3. d4 cxd4 4. Nxd4 Nf6 5. Nc3 g6 6. Be3 Bg7 7. f3 Nc6 8. Qd2
Bd7 9. Bc4 Rc8 10. Bb3 O-O 11. O-O-O Ne5 12. h4 h5 13. Bg5 Rc5 14. Kb1 b5 15.
g4 hxg4 16. h5 Nxh5 17. Nd5 Re8 18. Rxh5 gxh5 19. Qh2 gxf3 20. Qxh5 Bg4 21. Qh4
Qd7 22. Rh1 Bh3 23. Rxh3 Qg4 24. Nf5 Qxh4 25. Ndxe7+ Rxe7 26. Nxe7+ Kf8 27.
Bxh4 f2 28. Bxf2 Kxe7 29. Bxc5 dxc5 30. Bd5 b4 31. c3 a5 32. Kc2 c4 33. Rg3 Bh6
34. cxb4 axb4 35. a4 Kd6 36. Rh3 Bg5 37. Rh7 f5 38. Rh5 Nf3 39. Ba8 b3+ 40. Kd1
fxe4 41. Bxe4 Nd2 42. Rxg5 Nxe4 43. Rg6+ Kc7 44. a5 Kb7 45. Kc1 Nc5 46. Rg4
Nd3+ 47. Kb1 Ne5 48. Re4 Nc6 49. Rxc4 Nxa5 50. Rh4 Kb6 51. Kc1 Kb5 52. Kd2 Nb7
53. Kc3 Nc5 54. Rh5 Ka4 55. Rh4+ Kb5 56. Rh6 Ka5 57. Kc4 Ne4 58. Kxb3 Nc5+ 59.
Kc4 Na6 60. Rxa6+ Kxa6 61. Kc5 Kb7 62. Kb5 Kb8 63. Kb6 Ka8 64. b4 Kb8 65. b5
Ka8 66. Kc7 1-0

[Event "24. Copenhagen Open  (Politiken Cup)"]
[Site "Copenhagen"]
[Date "2002.07.25"]
[Round "10"]
[White "Lauritsen, Martin Lee"]
[Black "Kristensen, Jonas Rune"]
[Result "0-1"]
[WhiteElo "1517"]
[BlackElo "1847"]
[PlyCount "76"]
[EventDate "2002.07.15"]
[EventType "swiss"]
[EventRounds "11"]
[EventCountry "DEN"]
[SourceDate "2004.01.01"]

1. e4 d6 2. d4 Nf6 3. Nc3 g6 4. Be3 Bg7 5. f3 c6 6. Qd2 b5 7. O-O-O Nbd7 8. h4
Nb6 9. d5 cxd5 10. Bxb5+ Bd7 11. Bxd7+ Nfxd7 12. exd5 Nc4 13. Qd3 Nde5 14. Qe4
Qa5 15. Bd4 Qb4 16. Nce2 Bh6+ 17. Kb1 Nd2+ 18. Rxd2 Qxd2 19. Nh3 f5 20. Bc3
fxe4 21. Bxd2 Bxd2 22. fxe4 Kd7 23. Nd4 Rac8 24. Ne6 Rc4 25. Nhg5 Bxg5 26. hxg5
Rxe4 27. b3 Re2 28. g3 Nf3 29. Rh3 Re5 30. Nf4 Rxg5 31. c4 Nd2+ 32. Kb2 Ne4 33.
Ka3 Rxg3 34. Rh1 h5 35. Rc1 Nc5 36. Ne2 Re3 37. Nc3 a6 38. Kb4 Nd3+ 0-1

[Event "24. Copenhagen Open  (Politiken Cup)"]
[Site "Copenhagen"]
[Date "2002.07.25"]
[Round "10"]
[White "Laursen, Niels Norskov"]
[Black "Unmack, Christian"]
[Result "1-0"]
[WhiteElo "2135"]
[BlackElo "1993"]
[PlyCount "99"]
[EventDate "2002.07.15"]
[EventType "swiss"]
[EventRounds "11"]
[EventCountry "DEN"]
[SourceDate "2004.01.01"]

1. e4 e5 2. Nf3 Nc6 3. Bb5 Nf6 4. O-O d6 5. d4 Bd7 6. Re1 Be7 7. c3 O-O 8. h3
Nxd4 9. Nxd4 exd4 10. Bxd7 Qxd7 11. Qxd4 Rfd8 12. c4 a6 13. Nc3 c6 14. a4 Qe6
15. Bg5 h6 16. Bh4 Nd7 17. Bxe7 Qxe7 18. Rad1 Qg5 19. Qe3 Qxe3 20. Rxe3 Ne5 21.
b3 a5 22. f4 Ng6 23. g3 Kf8 24. Kf2 Ke7 25. Red3 Nf8 26. Kf3 Ne6 27. Ne2 Nc5
28. Re3 Kf8 29. Nd4 g6 30. h4 h5 31. g4 hxg4+ 32. Kxg4 Re8 33. Kf3 Kg7 34. h5
Re7 35. Rg1 Kh6 36. hxg6 fxg6 37. Re2 Rf8 38. Rh2+ Kg7 39. Nf5+ Kf6 40. Nxe7
Kxe7 41. Rxg6 Rf7 42. Rhh6 Nxb3 43. Re6+ Kf8 44. Rxd6 Nc5 45. f5 Nxa4 46. f6
Ke8 47. e5 Nc5 48. Rh8+ Rf8 49. Rxf8+ Kxf8 50. e6 1-0

[Event "24. Copenhagen Open  (Politiken Cup)"]
[Site "Copenhagen"]
[Date "2002.07.25"]
[Round "10"]
[White "Leimand, Hans Erik"]
[Black "Christensen, Janus"]
[Result "1-0"]
[WhiteElo "1587"]
[BlackElo "1961"]
[PlyCount "85"]
[EventDate "2002.07.15"]
[EventType "swiss"]
[EventRounds "11"]
[EventCountry "DEN"]
[SourceDate "2004.01.01"]

1. d4 Nf6 2. c4 c5 3. e3 g6 4. Nf3 Bg7 5. Be2 O-O 6. O-O cxd4 7. exd4 b6 8. Nc3
d6 9. h3 Bb7 10. Be3 Nbd7 11. Rc1 Rc8 12. Qa4 a6 13. Qb3 Qc7 14. Rfd1 Bxf3 15.
Bxf3 e6 16. Qa3 Rfd8 17. b3 Nb8 18. Na4 Nfd7 19. b4 e5 20. d5 f5 21. c5 f4 22.
c6 fxe3 23. cxd7 exf2+ 24. Kxf2 Qxd7 25. Nxb6 Qa7 26. Qe3 Bh6 27. Qxh6 Qxb6+
28. Kg3 Qxb4 29. Rb1 Qa3 30. Rb7 Nd7 31. Kh2 Qxa2 32. Bg4 Rc2 33. Be6+ Kh8 34.
Qg5 Rf8 35. Rxd7 Rxg2+ 36. Qxg2 Rf2 37. Rg1 Qd2 38. Rf7 Re2 39. Kh1 Rxg2 40.
Rxg2 Qe1+ 41. Kh2 e4 42. Rc2 e3 43. Rc8# 1-0

[Event "24. Copenhagen Open  (Politiken Cup)"]
[Site "Copenhagen"]
[Date "2002.07.25"]
[Round "10"]
[White "Li, Mike"]
[Black "Walseth, Tron"]
[Result "1-0"]
[WhiteElo "1475"]
[BlackElo "1832"]
[PlyCount "57"]
[EventDate "2002.07.15"]
[EventType "swiss"]
[EventRounds "11"]
[EventCountry "DEN"]
[SourceDate "2004.01.01"]

1. d4 Nf6 2. c4 g6 3. Nc3 d5 4. cxd5 Nxd5 5. e4 Nxc3 6. bxc3 Bg7 7. Bc4 c5 8.
Be3 O-O 9. Ne2 Nc6 10. O-O cxd4 11. cxd4 Bg4 12. f3 Na5 13. Bd3 Be6 14. Rc1
Bxa2 15. e5 b6 16. h4 Rc8 17. f4 Bc4 18. h5 Bxd3 19. Qxd3 Rxc1 20. Bxc1 Qd7 21.
f5 Bxe5 22. fxg6 fxg6 23. hxg6 Bh2+ 24. Kxh2 Rxf1 25. gxh7+ Kh8 26. Nf4 Rxf4
27. Bxf4 Nc6 28. Qg6 Qc8 29. Bh6 1-0